Central Library OPAC University of Rajshahi

Topics in managerial accounting / (Record no. 59504)

MARC details
000 -LEADER
fixed length control field 00769nam a2200265 a 4500
001 - CONTROL NUMBER
control field 59504
003 - CONTROL NUMBER IDENTIFIER
rucl marc code BD-RjUL
005 - DATE AND TIME OF LATEST TRANSACTION
control field 20211209080735.0
008 - FIXED-LENGTH DATA ELEMENTS--GENERAL INFORMATION
fixed length control field 161226s1974 onca b 000 0 eng
020 ## - INTERNATIONAL STANDARD BOOK NUMBER
International Standard Book Number 0070776903
035 ## - SYSTEM CONTROL NUMBER
System control number (BD-RjUL) 59628
040 ## - CATALOGING SOURCE
Original cataloging agency DLC
Transcribing agency DLC
Modifying agency DLC
Language of cataloging eng
041 ## - LANGUAGE CODE
Language code of text/sound track or separate title eng
082 00 - DEWEY DECIMAL CLASSIFICATION NUMBER
Classification number 658.15
Edition number 23
Author mark and year ROT 1974
100 1# - MAIN ENTRY--PERSONAL NAME
Personal name Rosen, L. S.
9 (RLIN) 176995
245 10 - TITLE STATEMENT
Title Topics in managerial accounting /
Statement of responsibility, etc. edited by L. S. Rosen.
250 ## - EDITION STATEMENT
Edition statement 2d. ed.
260 ## - PUBLICATION, DISTRIBUTION, ETC. (IMPRINT)
Place of publication, distribution, etc. Toronto ;
-- New York :
Name of publisher, distributor, etc. McGraw-Hill Ryerson,
Date of publication, distribution, etc. [1974]
300 ## - PHYSICAL DESCRIPTION
Pagination xi, 412 p. :
Illustrations ill. ;
Size 23 cm.
504 ## - BIBLIOGRAPHY, ETC. NOTE
Bibliography, etc Includes bibliographical references.
650 #0 - SUBJECT ADDED ENTRY--TOPICAL TERM
Topical term or geographic name as entry element Accounting.
9 (RLIN) 175106
Topical term or geographic name as entry element Cost accounting.
9 (RLIN) 176383
942 ## - ADDED ENTRY ELEMENTS (KOHA)
Source of classification or shelving scheme Dewey Decimal Classification
Koha item type Books
Holdings
Lost status Source of classification or shelving scheme Damaged status Not for loan Collection code Permanent Location Current Location Shelving location Date acquired Source of acquisition Cost, normal purchase price Total Checkouts Full call number Date last seen Copy number Koha item type
  Dewey Decimal Classification   Not For Loan Non-fiction Central Library, University of Rajshahi Central Library, University of Rajshahi Reading Room 25/03/1980 Heffers 10.10   658.15 ROT 1974 26/12/2016 C-1 Books